000 00943nam a2200217Ia 4500
003 Ost
005 20260507075055.0
008 260507s9999||||xx |||||||||||||| ||und||
020 _a5355279977
040 _cfsecg
041 _aara
082 _a320.956
100 _aأمين، سمير
_eمؤلف
245 0 _aمستقبل الجنوب في عالم متغير /
_c سمير أمين
260 _aالقاهرة:
_bدار الأمين للنشر,
_c2002
300 _a187 صفحة؛
_c24 سم
504 _aبيبليوغرافيا الجزء (1) ص.72 ؛بيبليوغرافيا الجزء(2) ص.151 الملاحق ص.159 ؛قائمة المطبوعات ص.181
520 _aالإطار الفكري لدراسة مستقبل الجنوب،العالم العربي-الأوضاع الراهنة والصراعات المحتدمة
653 _aالعالم العربي-الاحوال السياسية
942 _cكتاب
999 _c42736
_d42736